Poľnohospodárske stavby

Guardado en:
Detalles Bibliográficos
Autor principal: Nahálka, Peter
Otros Autores: Bóna, Ján
Formato: Libro
Lenguaje:eslovaco
Publicado: Bratislava Alfa 1982
Colección:Edícia stavebníckej literatúry
Etiquetas: Agregar Etiqueta
Sin Etiquetas, Sea el primero en etiquetar este registro!

MARC

LEADER 00000nam a2200000 4500
001 c131768
005 20041019155253.3
041 0 |a slo 
044 |a SK 
245 1 0 |a Poľnohospodárske stavby  |c Peter Nahálka, Ján Bóna 
264 1 |a Bratislava  |b Alfa  |c 1982 
300 |a 355 s. 
490 1 |a Edícia stavebníckej literatúry 
830 0 |a Edícia stavebníckej literatúry 
100 1 |a Nahálka, Peter 
700 1 |a Bóna, Ján